Tout les joueurs des warriors depuis la saison 2000-2001 - Statistiques

Statistiques générales
  • Ce quiz a été pris 22 fois
  • Le résultat moyen est 31 sur 217
Statistiques - réponses
Réponse % Correct
Stephen Curry
95%
Draymond Green
90%
Klay Thompson
90%
JaMychal Green
86%
Kevin Durant
86%
Jason Thompson
76%
Jordan Poole
76%
James Wiseman
67%
Jonathan Kuminga
67%
Andre Iguodala
62%
Andrew Bogut
62%
Baron Davis
62%
Chris Paul
57%
Randy Livingston
57%
Shaun Livingston
57%
Trayce Jackson-Davis
57%
Andrew Wiggins
52%
Dale Davis
52%
Gary Payton II
52%
Kevon Looney
52%
Monta Ellis
52%
Moses Moody
52%
Zaza Pachulia
52%
Damion Lee
48%
David Lee
48%
Harrison Barnes
43%
Matt Barnes
43%
David West
38%
DeMarcus Cousins
38%
Jarrett Jack
38%
JaVale McGee
38%
Marc Jackson
38%
Stephen Jackson
38%
Brandin Podziemski
33%
Jeremy Lin
33%
Patrick McCaw
33%
Chris Porter
29%
D'Angelo Russell
29%
Juan Toscano-Anderson
29%
Otto Porter Jr
29%
Quinn Cook
29%
Anderson Varejão
24%
Chris Mullin
24%
Jason Richardson
24%
Leandro Barbosa
24%
Charlie Bell
19%
Chris Webber
19%
Damian Jones
19%
Dario Šarić
19%
Donte DiVincenzo
19%
Dwayne Jones
19%
Earl Barron
19%
Eric Paschall
19%
Ish Smith
19%
Jordan Bell
19%
Nico Mannion
19%
Popeye Jones
19%
Raja Bell
19%
Richard Jefferson
19%
Al Harrington
14%
Antawn Jamison
14%
Gui Santos
14%
Ian Clark
14%
Kelly Oubre Jr.
14%
Kent Bazemore
14%
Ky Bowman
14%
Lester Quinones
14%
Marreese Speights
14%
Nemanja Bjelica
14%
Nick Young
14%
Anthony Lamb
10%
Avery Johnson
10%
Brad Wanamaker
10%
Chris Boucher
10%
Chucky Brown
10%
Clifford Robinson
10%
Festus Ezeli
10%
Usman Garuba
10%
Glenn Robinson III
10%
Jermaine O'Neal
10%
Jerome Robinson
10%
Kwame Brown
10%
Malcolm Thomas
10%
Marcus Williams
10%
Mickaël Piétrus
10%
Nate Robinson
10%
Omari Spellman
10%
Reggie Williams
10%
Ty Jerome
10%
Aaron Miles
5%
Adonal Foyle
5%
Alec Burks
5%
Alen Smailagić
5%
Alfonzo McKinnie
5%
Andris Biedriņš
5%
Bob Sura
5%
Briante Weber
5%
Carl Landry
5%
Chasson Randle
5%
Chris Chiozza
5%
Chris Hunter
5%
C.J. Watson
5%
Derek Fisher
5%
Troy Murphy
5%
Dragan Bender
5%
Gilbert Arenas
5%
Hilton Armstrong
5%
Jacob Evans
5%
Jamal Crawford
5%
James Michael McAdoo
5%
Jeremy Tyler
5%
Jermareo Davidson
5%
Jonas Jerebko
5%
Jordan Crawford
5%
Marquese Chriss
5%
Mike Dunleavy
5%
Mychal Mulder
5%
Nemanja Nedović
5%
Patrick Baldwin Jr
5%
Pat Spencer
5%
Quinndary Weatherspoon
5%
Rodney White
5%
Ronny Turiaf
5%
Ryan Rollins
5%
Scott Machado
5%
Steve Blake
5%
Acie Law
0%
Adam Keefe
0%
A.J. Guyton
0%
Al Thornton
0%
Ansu Sesay
0%
Anthony Morrow
0%
Anthony Randolph
0%
Anthony Roberson
0%
Anthony Tolliver
0%
Austin Croshere
0%
Cartier Martin
0%
Bill Curley
0%
Blaylock Mookie
0%
Brandan Wright
0%
Brandon Rush
0%
Brian Cardinal
0%
Calbert Cheaney
0%
Cedric Henderson
0%
Charles Jenkins
0%
Cherokee Parks
0%
Chris Garner
0%
Chris Mills
0%
Chris Taft
0%
Chris Wright
0%
Coby Karl
0%
Corey Maggette
0%
Corie Blount
0%
Dajuan Wagner
0%
Dan Gadzuric
0%
Dan Langhi
0%
Danny Fortson
0%
Dean Garrett
0%
Dean Oliver
0%
DeMarcus Nelson
0%
Devean George
0%
Dewayne Dedmon
0%
D.J. Mbenga
0%
Dominic McGuire
0%
Dorell Wright
0%
Earl Boykins
0%
Eduardo Nájera
0%
Ekpe Udoh
0%
Erick Dampier
0%
Guy Rucker
0%
Ike Diogu
0%
Jeff Adrien
0%
Jeff Dowtin
0%
Jeremy Pargo
0%
Jiří Welsch
0%
John Coker
0%
Josh Powell
0%
J.R. Bremer
0%
Justin Holiday
0%
Keith Benson
0%
Keith McLeod
0%
Kelenna Azubuike
0%
Kosta Perović
0%
Larry Hughes
0%
Lou Amundson
0%
Luis Flores
0%
Marco Belinelli
0%
Marcus Derrickson
0%
MarShon Brooks
0%
Mickell Gladness
0%
Mikki Moore
0%
Nick Van Exel
0%
Nikoloz Tskitishvil
0%
Ognjen Kuzmić
0%
Omri Casspi
0%
Óscar Torres
0%
Patrick O'Bryant
0%
Paul McPherson
0%
Renaldo Major
0%
Rob Kurz
0%
Rodney Carney
0%
Rubén Garcés
0%
Rusty LaRue
0%
Šarūnas Jasikevičius
0%
Sean Lampley
0%
Speedy Claxton
0%
Stéphane Lasme
0%
Toney Douglas
0%
Troy Hudson
0%
Vinny Del Negro
0%
Vladimir Radmanović
0%
Vonteego Cummings
0%
Will Bynum
0%
Willie Cauley-Stein
0%
Zach Norvell
0%
Žarko Čabarkapa
0%
Aucun quiz correspondant
Distribution des résultats
% des personnes avec chaque résultat
Percentile par nombre de réponses
Votre historique - résultats
Vous n’avez pas pris ce quiz